The Pity of Partition: Manto's Life, Times... (Record no. 20428)
[ view plain ]
| 000 -LEADER | |
|---|---|
| fixed length control field | 00350nam a22001337a 4500 |
| 020 ## - INTERNATIONAL STANDARD BOOK NUMBER | |
| ISBN | 978-93-5029-789-6 |
| 082 ## - DEWEY DECIMAL CLASSIFICATION NUMBER | |
| Classification number | 954.04 JAL |
| 100 ## - MAIN ENTRY--AUTHOR NAME | |
| Author name | Jalal, Ayesha |
| 245 ## - TITLE STATEMENT | |
| Title | The Pity of Partition: Manto's Life, Times... |
| 260 ## - PUBLICATION, DISTRIBUTION, ETC. (IMPRINT) | |
| Place of publication | Noida, UP |
| Name of publisher | HarperCollins Publishers |
| Year of publication | 2013 |
| 300 ## - PHYSICAL DESCRIPTION | |
| Number of Pages | 264 |
| 650 ## - SUBJECT ADDED ENTRY--TOPICAL TERM | |
| Topical Term | Partition of India, Violence |
| 942 ## - ADDED ENTRY ELEMENTS (KOHA) | |
| Koha item type | Books |
| Home library | Current library | Shelving location | Date acquired | Cost, normal purchase price | Full call number | Accession Number | Koha item type |
|---|---|---|---|---|---|---|---|
| Henry Martyn Institute Library | Henry Martyn Institute Library | General stacks | 06/05/2017 | 599.00 | 954.04 JAL | 11-3469 | Books |
